Alle Bahnhöfe in Baden-Württemberg (SPNV) - Statistiken

Allgemein
  • Dieses Quiz wurde 228 mal gespielt
  • Das Durchschnittsergebnis liegt bei 209 aus 1060
Antwortstatistiken
Station % Korrekt
Weingarten Berg
96%
Stuttgart Hauptbahnhof
93%
Ulm Hauptbahnhof
92%
Heidelberg Hauptbahnhof
88%
Mannheim Hauptbahnhof
88%
Heilbronn Hauptbahnhof
82%
Karlsruhe Hauptbahnhof
81%
Konstanz
81%
Friedrichshafen Hafen
79%
Geisingen-Hausen
79%
Hausen im Tal
79%
Hof (Baden)
78%
Weil am Rhein
78%
Freiburg (Breisgau) Hauptbahnhof
77%
Offenburg
74%
Esslingen (Neckar)
73%
Reutlingen Hauptbahnhof
73%
Schwäbisch Hall
73%
Baden-Baden
71%
Singen (Hohentwiel)
71%
Tübingen Hauptbahnhof
71%
Wilferdingen-Singen
71%
Illingen (Württemberg)
70%
Aha
68%
Ludwigsburg
68%
Pforzheim Hauptbahnhof
68%
Rot-Malsch
68%
Stuttgart-Vaihingen
68%
Vaihingen (Enz)
68%
Erbach (Württemberg)
67%
Heidelberg-Kirchheim/Rohrbach
67%
Rot am See
67%
Villingen (Schwarzwald)
67%
Göppingen
66%
Lörrach Hauptbahnhof
66%
Esslingen-Zell
64%
Rastatt
64%
Sinsheim (Elsenz) Hauptbahnhof
64%
Zell (Wiesental)
64%
Böblingen
63%
Röt
63%
Sigmaringen
63%
Stuttgart-Bad Cannstatt
62%
Bruchsal
60%
Heidenheim
60%
Kirchheim (Neckar)
60%
Kirchheim (Teck)
60%
Schwäbisch Gmünd
60%
Aalen Hauptbahnhof
59%
Biberach (Baden)
59%
Biberach (Riß)
59%
Eislingen (Fils)
59%
Endingen am Kaiserstuhl
59%
Endingen (Württemberg)
59%
Geislingen (Steige)
59%
Tuttlingen
59%
Crailsheim
58%
Wendlingen (Neckar)
58%
Ravensburg
56%
Stuttgart Flughafen/Messe
56%
Mosbach (Baden)
55%
Waiblingen
55%
Bietigheim (Baden)
53%
Calw
53%
Rottweil
53%
Freudenstadt Hauptbahnhof
52%
Kehl
52%
Neustadt (Schwarzwald)
52%
Plochingen
52%
Backnang
51%
Balingen (Württemberg)
51%
Friedrichshafen Flughafen
51%
Karlsruhe-Durlach
51%
Nürtingen
51%
Schwenningen (Neckar)
51%
Sindelfingen
51%
Sulz (Neckar)
51%
Waldshut
51%
Weinheim (Bergstraße) Hauptbahnhof
51%
Donaueschingen
49%
Öhringen Hauptbahnhof
49%
Titisee
49%
Au im Murgtal
48%
Emmendingen
48%
Neckarsulm
48%
Radolfzell
48%
Überlingen
48%
Bietigheim-Bissingen
47%
Horb
47%
Lahr (Schwarzwald)
47%
Lörrach-Stetten
47%
Osterburken
47%
Schorndorf
47%
Stetten (b Haigerloch)
47%
Stetten (Donau)
47%
Wangen (Allgäu)
47%
Schwetzingen
45%
Aulendorf
44%
Bretten Stadtmitte
44%
Friedrichshafen Stadt
44%
Hofen (b Aalen)
44%
Höfen (Enz)
44%
Kornwestheim Pbf
44%
Mannheim Arena/Maimarkt
44%
Mühlacker
44%
Neckargemünd
44%
Stuttgart-Feuerbach
44%
Stuttgart Stadtmitte
44%
Weiler (Rems)
44%
Winnenden
44%
Achern
42%
Fellbach
42%
Filderstadt
42%
Holzgerlingen Buch
42%
Metzingen (Württemberg)
42%
Stuttgart Feuersee
42%
Stuttgart Nord
42%
Stuttgart-Rohr
42%
Stuttgart Universität
42%
Wiesloch-Walldorf
42%
Breisach
41%
Bretten
41%
Bühl (Baden)
41%
Freiburg Messe/Universität
41%
Herrenberg
41%
Merklingen - Schwäbische Alb
41%
St Ilgen-Sandhausen
41%
Stuttgart-Untertürkheim Pbf
41%
Bad Waldsee
40%
Hockenheim
40%
Kirnbach-Grün
40%
Stuttgart Schwabstraße
40%
Triberg
40%
Weingarten (Baden)
40%
Bad Friedrichshall Hauptbahnhof
38%
Eberbach
38%
Lauda
38%
Neu Edingen/ Friedrichsfeld
38%
Stuttgart-Obertürkheim
38%
Sulzbach (Murr)
38%
Weinheim-Sulzbach
38%
Freiburg-St Georgen
37%
Nagold
37%
Neckargemünd Altstadt
37%
Rottenburg (Neckar)
37%
St Georgen
37%
Stuttgart-Zuffenhausen
37%
Sülzbach
37%
Wertheim
37%
Bad Rappenau
36%
Efringen-Kirchen
36%
Ellwangen
36%
Ettlingen Stadt
36%
Gingen (Fils)
36%
Leonberg
36%
Salem
36%
Süßen
36%
Tiengen (Hochrhein)
36%
Besigheim
34%
Ehingen (Donau)
34%
Hausach
34%
Hechingen
34%
Hechingen Landesbahn
34%
Immendingen
34%
Kuchen
34%
Leinfelden
34%
Mosbach-Neckarelz
34%
Sinsheim Museum/Arena
34%
Wernau (Neckar)
34%
Echterdingen
33%
Heidelberg Altstadt
33%
Lauffen (Neckar)
33%
Müllheim im Markgräflerland
33%
Schwäbisch Hall-Hessental
33%
Appenweier
32%
Bad Teinach/Neubulach
32%
Bad Urach
32%
Engen
32%
Eppingen
32%
Eutingen (Baden)
32%
Eutingen im Gäu
32%
Geisingen-Kirchen
32%
Graben-Neudorf
32%
Ittersbach Industrie
32%
Kirchzarten
32%
Leutkirch
32%
Mannheim-Waldhof
32%
Marbach (b Münsingen)
32%
Marbach (Neckar)
32%
Oberndorf (Neckar)
32%
Rheinfelden (Baden)
32%
Rudersberg-Oberndorf
32%
Tauberbischofsheim
32%
Weil der Stadt
32%
Asperg
30%
Bad Mergentheim
30%
Bad Säckingen
30%
Bad Saulgau
30%
Blaubeuren
30%
Donaueschingen-Aufen
30%
Ebersbach (Fils)
30%
Ehningen (b Böblingen)
30%
Maulbronn Stadt/Kloster
30%
Mengen
30%
Murrhardt
30%
Neuenburg (Baden)
30%
Neuenbürg (Württemberg)
30%
Reichenbach (b Ettlingen)
30%
Reichenbach (Fils)
30%
Schluchsee
30%
Stockach
30%
Stuttgart-Münster
30%
Stuttgart Österfeld
30%
Tamm (Württemberg)
30%
Weil im Schönbuch Röte
30%
Allensbach
29%
Altbach
29%
Bempflingen
29%
Buchen im Odenwald
29%
Feldberg-Bärental
29%
Freudenstadt Industrigebiet Schmid
29%
Gaggenau
29%
Heidelberg Pfaffengrund/ Wieblingen
29%
Hinterzarten
29%
Hulb
29%
Korntal
29%
Ladenburg
29%
Lörrach Museum/Burghof
29%
Stettfeld-Weiher
29%
Ubstadt-Weiher
29%
Albstadt-Ebingen
27%
Bad Krozingen
27%
Bad Wimpfen
27%
Bräunlingen Industriegebiet
27%
Esslingen-Mettingen
27%
Giengen (Brenz)
27%
Gölshausen Industriegebiet
27%
Hoffenheim
27%
Karlsruhe Schloss Rüppurr
27%
Kirchentellinsfurt
27%
Konstanz-Petershausen
27%
Möckmühl
27%
Nufringen
27%
Oberboihingen
27%
Renningen
27%
Sigmaringendorf
27%
Singen Industriegebiet
27%
Urbach (b Schorndorf)
27%
Walheim (Württemberg)
27%
Amstetten (Württemberg)
26%
Bad Rotenfels Schloss
26%
Bad Schönborn-Kronau
26%
Bad Wildbad
26%
Bondorf (b Herrenberg)
26%
Bötzingen Mühle
26%
Denzlingen
26%
Ditzingen
26%
Gärtringen
26%
Goldberg
26%
Haslach
26%
Herbertingen
26%
Kirchberg (Murr)
26%
Ludwigshafen (Bodensee)
26%
Malsch
26%
Oberesslingen
26%
Pfullendorf
26%
Stuttgart Neckarpark
26%
Stuttgart-Sommerrain
26%
Ubstadt Ort
26%
Weinsberg/Ellhofen Gewerbegebiet
26%
Winterbach (b Schorndorf)
26%
Albstadt-Laufen Ort
25%
Baiersbronn Schule
25%
Freiberg (Neckar)
25%
Gaildorf West
25%
Gäufelden
25%
Heidelberg Weststadt/Südstadt
25%
Himmelreich
25%
Kißlegg
25%
Langenau (Württemberg)
25%
Laupheim West
25%
Meckesheim
25%
Mössingen
25%
Öhringen-Cappel
25%
Oppenweiler (Württemberg)
25%
Plüderhausen
25%
Stuttgart Nürnberger Straße
25%
Sülzbach Schule
25%
Uhingen
25%
Weinsberg
25%
Bad Schussenried
23%
Bad Wurzach
23%
Dettingen (Teck)
23%
Ettlingen Erbprinz/Schloss
23%
Faurndau
23%
Forbach (Schwarzwald)
23%
Gammertingen
23%
Geisingen
23%
Hochdorf (b Horb)
23%
Hornberg (Schwarzwald)
23%
Immendingen Zimmern
23%
Lorch (Württemberg)
23%
Mannheim-Friedrichsfeld Süd
23%
Mannheim-Rheinau
23%
Meckenbeuren
23%
Mühlen (b Horb)
23%
Münsingen
23%
Neuffen
23%
Owen (Teck)
23%
Reichenau (Baden)
23%
Renchen
23%
Riegel Ort
23%
Ringsheim
23%
Sachsenheim
23%
Sinzheim
23%
Trossingen Bahnhof
23%
Überlingen Therme
23%
Weilheim (Württemberg)
23%
Zimmern (Main-Tauber)
23%
Altingen (Württemberg)
22%
Bad Herrenalb
22%
Bad Schönborn Süd
22%
Baiersbronn
22%
Bräunlingen
22%
Bretten Schulzentrum
22%
Engstingen Schulzentrum
22%
Freudenstadt Schulzentrum Panoramabad
22%
Hegne
22%
Heidelberg Orthopädie
22%
Heilbronn Sülmertor
22%
Holzgerlingen
22%
Karlsruhe West
22%
Kenzingen
22%
Lörrach-Haagen/Messe
22%
Mannheim-Käfertal
22%
Markdorf (Baden)
22%
Mühlheim (b Tuttlingen)
22%
Oberaichen
22%
Schwieberdingen
22%
Seebrugg
22%
Sersheim
22%
Tübingen West
22%
Aglasterhausen
21%
Blaustein
21%
Bruchsal Bildungszentrum
21%
Durmersheim
21%
Erdmannhausen
21%
Erzingen (Baden)
21%
Erzingen (Württemberg)
21%
Eyach
21%
Favoritepark
21%
Fichtenberg
21%
Fornsbach
21%
Freiburg-Wiehre
21%
Grötzingen
21%
Haigerloch
21%
Heddesheim/ Hirschberg
21%
Herbolzheim (Breisgau)
21%
Herbolzheim (Jagst)
21%
Karlsruhe-Hagsfeld
21%
Karlsruhe-Knielingen
21%
Mannheim Handelshafen/ Jungbusch
21%
Mannheim-Neckarau
21%
Mannheim-Seckenheim
21%
Monbach-Neuhausen
21%
Niefern
21%
Nordheim (Württemberg)
21%
Oberkochen
21%
Riedlingen
21%
Steinach (Baden)
21%
Stuttgart Weilimdorf
21%
Tübingen-Lustnau
21%
Zwingenberg (Baden)
21%
Benningen (Neckar)
19%
Dettenhausen
19%
Elzach
19%
Ergenzingen
19%
Freiburg-Littenweiler
19%
Freudenstadt Stadt
19%
Friedrichshafen-Fischbach
19%
Geislingen West
19%
Gengenbach
19%
Heidelberg-Schlierbach/ Ziegelhausen
19%
Ispringen
19%
Ittersbach Rathaus
19%
Jagstzell
19%
Kirchheim (Teck)-Ötlingen
19%
Konstanz-Wollmatingen
19%
Kressbronn
19%
Laupheim Stadt
19%
Lonsee
19%
Mögglingen (b Gmünd)
19%
Möhringen Rathaus
19%
Mühlacker Rößlesweg
19%
Neustadt-Hohenacker
19%
Neuwirtshaus (Porscheplatz)
19%
Oberlenningen
19%
Oftersheim
19%
Rudersberg
19%
Rutesheim
19%
Salach
19%
Spaichingen
19%
Steinsfurt
19%
Stuttgart Ebitzweg
19%
Ulm Ost
19%
Untergrombach
19%
Waghäusel
19%
Wannweil
19%
Bad Friedrichshall-Kochendorf
18%
Bietigheim-Bissingen Ellental
18%
Blumberg-Zollhaus
18%
Bruchsal Schlachthof
18%
Bruchsal Tunnelstraße
18%
Dettingen Freibad
18%
Engstingen
18%
Ersingen
18%
Ettlingen West
18%
Gernsbach
18%
Gerstetten
18%
Goldshöfe
18%
Gundelfingen (Breisgau)
18%
Hemmingen
18%
Herbrechtingen
18%
Kiebingen
18%
Knittlingen-Kleinvillars
18%
Korntal Gymnasium
18%
Langenargen
18%
Leingarten
18%
Maulbronn West
18%
Münchingen
18%
Munderkingen
18%
Neckargerach
18%
Neckarsulm Nord
18%
Neckarzimmern
18%
Neuenbürg (Württemberg) Freibad
18%
Oberderdingen-Flehingen
18%
Rommelshausen
18%
Schallstadt
18%
Schopfheim
18%
Schwaigern (Württemberg)
18%
Schwaikheim
18%
Stuttgart-Zazenhausen
18%
Villingen Zollhaus
18%
Waldkirch
18%
Westerstetten
18%
Alpirsbach
16%
Bad Liebenzell
16%
Bad Urach Wasserfall
16%
Bammental
16%
Beimerstetten
16%
Berghausen (Baden)
16%
Beutelsbach
16%
Biberach Süd
16%
Burgstall (Murr)
16%
Burladingen
16%
Endersbach
16%
Ettlingen Wasen
16%
Eutingen Nord
16%
Friedrichshafen Landratsamt
16%
Friesenheim (Baden)
16%
Gondelsheim (Baden)
16%
Gondelsheim Schlossstadion
16%
Grenzach
16%
Herrenberg Zwerchweg
16%
Königsbach (Baden)
16%
Königshofen (Baden)
16%
Malmsheim
16%
Metzingen-Neuhausen
16%
Neulußheim
16%
Offenau
16%
Ötisheim
16%
Philippsburg (Baden)
16%
Rastatt Beinle
16%
Reutlingen West
16%
Schömberg (b Balingen)
16%
Schopfloch (b Freudenstadt)
16%
Schwetzingen-Hirschacker
16%
Singen Landesgartenschau
16%
Stühlingen
16%
Trossingen Stadt
16%
Urspring
16%
Waldenburg (Württemberg)
16%
Wasseralfingen
16%
Welschingen-Neuhausen
16%
Wiesental
16%
Wildberg (Württemberg)
16%
Wössingen
16%
Adelsheim Nord
15%
Adelsheim Ost
15%
Beuron
15%
Blankenloch
15%
Böbingen (Rems)
15%
Bretten Rechberg
15%
Bretten-Rinklingen
15%
Brötzingen Mitte
15%
Diedelsheim
15%
Dornstetten
15%
Eckartshausen-Ilshofen
15%
Enzberg
15%
Eriskirch
15%
Flehingen
15%
Fridingen (b Tuttlingen)
15%
Gemmingen
15%
Gölshausen
15%
Gültstein
15%
Heidelsheim
15%
Heidelsheim Nord
15%
Heimerdingen
15%
Herbertingen Ort
15%
Höfingen
15%
Ittersbach
15%
Ittlingen
15%
Jöhlingen
15%
Jöhlingen West
15%
Karlsruhe-Mühlburg
15%
Löffingen
15%
Magstadt
15%
Maichingen
15%
Maxau
15%
Menzingen (Baden)
15%
Möhringen Bahnhof
15%
Muggensturm
15%
Mühlhausen (b Engen)
15%
Neckarbischofsheim Stadt
15%
Nellmersbach
15%
Neufra (Hohenzollern)
15%
Ölbronn-Dürrn
15%
Riegel-Malterdingen
15%
Rottweil-Neufra
15%
Rottweil Saline
15%
Rudersberg Nord
15%
Schelklingen
15%
Söllingen (b Karlsruhe)
15%
Staufen
15%
Stetten-Beinstein
15%
Trochtelfingen (b Bopfingen)
15%
Trochtelfingen (Hohenzollern)
15%
Unterlenningen
15%
Weikersheim
15%
Weizen
15%
Wössingen Ost
15%
Auerbach (b Mosbach)
14%
Baden-Baden-Haueneberstein
14%
Bahlingen am Kaiserstuhl
14%
Bisingen
14%
Böblingen Danziger Straße
14%
Bretten-Ruit
14%
Bruchhausen (b Ettlingen)
14%
Eggenstein
14%
Ellhofen
14%
Entringen
14%
Forchheim (b Karlsruhe)
14%
Frickenhausen
14%
Friedrichshafen-Manzell
14%
Friedrichshafen Ost
14%
Friedrichstal (Baden)
14%
Friedrichstal (Murgtal)
14%
Gaggenau Mercedes-Benz-Werk
14%
Gottmadingen
14%
Graben-Neudorf Nord
14%
Haßmersheim
14%
Heitersheim
14%
Helmsheim
14%
Horb-Heiligenfeld
14%
Hütten
14%
Kirchheim (Teck) Süd
14%
Kleinsteinbach
14%
Konstanz-Fürstenberg
14%
Kuppenheim
14%
Lauchringen
14%
Laudenbach (Bergstraße)
14%
Laudenbach (Württemberg)
14%
Maichingen Nord
14%
Mannheim-Neckarstadt
14%
Markelfingen
14%
Marxzell
14%
Maubach
14%
Mosbach West
14%
Nagold Stadtmitte
14%
Neckarsulm Mitte
14%
Nürtingen Vorstadt
14%
Odenheim
14%
Orschweier
14%
Ötigheim
14%
Reihen
14%
Renningen Süd
14%
Sasbach am Kaiserstuhl
14%
Schorndorf Hammerschlag
14%
Straßberg-Winterlingen
14%
Teningen-Mundingen
14%
Villingen-Schwenningen Eisstadion
14%
Walldürn
14%
Zaisenhausen
14%
Altshausen
12%
Bad Bellingen
12%
Bad Niedernau
12%
Bad Rotenfels Bahnhof/Rotherma
12%
Berghausen Am Stadion
12%
Beuggen
12%
Bieringen
12%
Bilfingen
12%
Binau
12%
Birkenfeld (Württemberg)
12%
Böblingen Südbahnhof
12%
Bökingen Sonnenbrunnen
12%
Bötzingen
12%
Bruchsal Am Mantel
12%
Bruchsal Sportzentrum
12%
Buggingen
12%
Busenbach
12%
Dornstetten-Aach
12%
Dußlingen
12%
Ersingen West
12%
Gottenheim
12%
Grunbach
12%
Haltingen
12%
Hirsau
12%
Holzgerlingen Hülben
12%
Hüfingen Mitte
12%
Huttenheim
12%
Loßburg-Rodt
12%
Mannheim-Luzenberg
12%
Mauer (b Heidelberg)
12%
Münstertal
12%
Nagold-Iselshausen
12%
Neureut Kirchfeld
12%
Rheinsheim
12%
Rotenbach
12%
Rötenbach (Baden)
12%
Schliengen
12%
Schömberg Stausee
12%
Seckach
12%
Steinen
12%
Sulzfeld (Baden)
12%
Tuttlingen Schulen
12%
Ulm-Donautal
12%
Waldhausen (b Geislingen)
12%
Waldhausen (b Schorndorf)
12%
Wolfegg
12%
Zimmern bei Seckach
12%
Züttlingen
12%
Aldingen (b Spaichingen)
11%
Bad Peterstal
11%
Bad Urach Ermstalklinik
11%
Bahnbrücken
11%
Bauerbach
11%
Blaufelden
11%
Bopfingen
11%
Bretten Kupferhälde
11%
Bretzfeld
11%
Brigachtal Kirchdorf
11%
Brötzingen Sandweg
11%
Calmbach
11%
Deißlingen Mitte
11%
Ebringen
11%
Eppingen West
11%
Gemmingen West
11%
Geradstetten
11%
Grombach
11%
Grötzingen Oberausstraße
11%
Grüntal-Wittlensweiler
11%
Gutach (Breisgau)
11%
Gutach Freilichtmuseum
11%
Hemsbach
11%
Ihringen
11%
Karlsdorf
11%
Kirschbaumwasen
11%
Kollmarsreute
11%
Königsbronn
11%
Kork
11%
Leingarten Ost
11%
Leingarten West
11%
Lindach
11%
Löwental
11%
Malsch Süd
11%
Marbach Ost (Villingen-Schwennig)
11%
Marbach West (Villingen-Schwennig)
11%
Marstetten-Aitrach
11%
Miedelsbach-Steinenberg
11%
Münchingen Rührberg
11%
Murg (Baden)
11%
Nagold-Steinberg
11%
Neckarbischofsheim Nord
11%
Neudenau
11%
Offenburg Kreisschulzentrum
11%
Oppenau
11%
Pforzheim Maihälden
11%
Pforzheim-Weißenstein
11%
Reutlingen-Betzingen
11%
Reutlingen-Sondelfingen
11%
Richen (b Eppingen)
11%
Schiltach
11%
Schwaigern West
11%
Söllingen Reetzstraße
11%
Stettfeld (Baden)
11%
Tübingen-Derendingen
11%
Tuttlingen Nord
11%
Tuttlingen Zentrum
11%
Überlingen-Nußdorf
11%
Uhldingen-Mühlhofen
11%
Unterjesingen Sandäcker
11%
Unterreichenbach
11%
Weil am Rhein Gartenstadt
11%
Weisenbach
11%
Willsbach
11%
Wolfach
11%
Zell am Harmersbach
11%
Zeutern
11%
Zuzenhausen
11%
Albstadt-Lautlingen
10%
Bad Rappenau Kurpark
10%
Bad Wildbad Nord
10%
Bad Wimpfen-Hohenstadt
10%
Bad Wimpfen Im Tal
10%
Berghausen Hummelberg
10%
Berghausen Pfinzbrücke
10%
Bittelbronn
10%
Böblingen Zimmerschlag
10%
Bodelshausen
10%
Bretten Wannenweg
10%
Bruchsal Schlossgarten
10%
Bruchsal Stegwiesen
10%
Brucken
10%
Dallau
10%
Döggingen
10%
Donaueschingen Mitte/Siedlung
10%
Durmersheim Nord
10%
Frauenalb-Schielberg
10%
Freiburg Klinikum
10%
Grötzingen Krappmühlenweg
10%
Gundelsheim (Neckar)
10%
Hüffenhardt
10%
Jestetten
10%
Leingarten Mitte
10%
Neckarburken
10%
Neuenbürg (Württemberg) Süd
10%
Oberkirch
10%
Ostrach
10%
Reichenbach Kurpark
10%
Rietheim (Württemberg)
10%
Roigheim
10%
Schrozberg
10%
Schwaigern Ost
10%
Sipplingen
10%
Spaichingen Mitte
10%
Stetten am Heuchelberg
10%
Unterjesingen Mitte
10%
Unterkochen
10%
Veringenstadt
10%
Villingen-Schwenningen Hammerstatt
10%
Weil im Schönbuch Troppel
10%
Weinsberg West
10%
Zeutern Ost
10%
Zeutern Sportplatz
10%
Aichstetten
8%
Auggen
8%
Babstadt
8%
Baden-Baden Rebland
8%
Bad Griesbach
8%
Bad Sebastiansweiler-Belsen
8%
Böblingen Heusteigstraße
8%
Böhringen-Rickelshausen
8%
Dettingen Gsaidt
8%
Dettingen Mitte
8%
Engstlatt
8%
Gernsbach Mitte
8%
Grünsfeld
8%
Haubersbronn
8%
Haubersbronn Mitte
8%
Höfen (Enz) Nord
8%
Immendingen Mitte
8%
Killer
8%
Klosterreichenbach
8%
Krauchenwies
8%
Langensteinbach
8%
Langensteinbach St Barbara
8%
Legelshurst
8%
Maulburg
8%
Meßkirch
8%
Muggensturm Badesee
8%
Münzesheim
8%
Neckarsulm Süd
8%
Nehren
8%
Neuenstein
8%
Niederstotzingen
8%
Nürtingen-Roßdorf
8%
Oberharmersbach Dorf
8%
Oberöwisheim
8%
Reilsheim
8%
Rosenberg (Baden)
8%
Rottweil-Göllsdorf
8%
Rüppurr Battstraße
8%
Satteldorf
8%
Schönmünzach
8%
Schwetzingen Nordstadt
8%
Siegelsbach
8%
Söllingen Kapellenstraße
8%
Stahringen
8%
Tannheim (Württemberg)
8%
Tuttlingen Gänsäcker
8%
Ubstadt Uhlandstraße
8%
Unteröwisheim
8%
Wehr-Brennet
8%
Weil im Schönbuch Untere Halde
8%
Weinheim-Lützelsachsen
8%
Wyhlen
8%
Affaltrach
7%
Albbruck
7%
Albstadt-Ebingen West
7%
Bad Herrenalb Kullenmühle
7%
Bad Imnau
7%
Balingen Süd
7%
Bischweier (Baden)
7%
Bitzfeld
7%
Boxberg-Wölchingen
7%
Brigachtal Klengen
7%
Buchen Ost
7%
Calmbach Süd
7%
Dogern
7%
Donaueschingen-Allmendshofen
7%
Donaueschingen-Grüningen
7%
Eimeldingen
7%
Eschelbronn
7%
Eschenau (b Heilbronn)
7%
Ettlingen Albgaubad
7%
Ettlingen Neuwiesenreben
7%
Ettlingen Spinnerei
7%
Fischweier
7%
Freiburg-Herdern
7%
Freiburg-Zähringen
7%
Frickenhausen Kelterstraße
7%
Friedrichshafen-Kluftern
7%
Geisingen-Leipferdingen
7%
Heidenheim-Schnaitheim
7%
Heilbronn Trappensee
7%
Helmstadt (Baden)
7%
Hettingen (Hohenzollern)
7%
Hörden
7%
Igersheim
7%
Istein
7%
Jungingen (Hohenzollern)
7%
Kappelrodeck
7%
Karlsruhe Dammerstock
7%
Köndringen
7%
Lauchheim
7%
Laufenburg (Baden)
7%
Leopoldshafen Frankfurter Straße
7%
Linkenheim Süd
7%
Linsenhofen
7%
Lörrach Schwarzwaldstraße
7%
Lottstetten
7%
Mühringen
7%
Neidenstein
7%
Neuenbürg (Württemberg) Eyachbrücke
7%
Niederstetten
7%
Obergimpern
7%
Oberrotweil
7%
Oberschefflenz
7%
Ottenhöfen
7%
Raumünzach
7%
Rheinweiler
7%
Schenkenzell
7%
Scheppach
7%
Schrezheim
7%
Siglingen
7%
Sinzheim Nord
7%
Sontheim-Brenz
7%
Ubstadt Salzbrunnenstraße
7%
Ulm-Söflingen
7%
Unteröwisheim Martin-Luther-Straße
7%
Veringendorf
7%
Wackershofen
7%
Wertheim-Bestenheid
7%
Wurmlingen Mitte
7%
Bad Krozingen Ost
5%
Balgheim
5%
Bietingen
5%
Blumberg-Riedöschingen
5%
Böckingen Berufsschulzentrum
5%
Böckingen West
5%
Brötzingen Wohnlichstraße
5%
Dettingen Lehen
5%
Dürrenbüchig
5%
Eggingen
5%
Eichstetten am Kaiserstuhl
5%
Etzenrot
5%
Frommern
5%
Halbmeil
5%
Herrlingen
5%
Hugstetten
5%
Kleinkems
5%
Kloster Bronnbach
5%
Langenbrand
5%
Lauchringen West
5%
Lautenbach (Baden)
5%
Leopoldshafen Leopoldstraße
5%
Leopoldshafen Viermorgen
5%
Linkenheim Friedrichstraße
5%
Lörrach-Brombach/Hauingen
5%
Michelau (Württemberg)
5%
Münzesheim Ost
5%
Norsingen
5%
Oberachern
5%
Oberharmersbach-Riersbach
5%
Oberkrozingen
5%
Obertsrot
5%
Odenheim West
5%
Öhringen West
5%
Ottenau
5%
Rüppurr Tulpenstraße
5%
Schemmerberg
5%
Schiltach Mitte
5%
Schlechtbach
5%
Schopfheim West
5%
Schwabsberg
5%
Schwarzenberg
5%
Schwörstadt
5%
Staufen Süd
5%
Trochtelfingen ALB-GOLD
5%
Untergimpern
5%
Waibstadt
5%
Wallhausen (Württemberg)
5%
Wasenweiler
5%
Weil am Rhein Ost
5%
Westhausen
5%
Wieslensdorf
5%
Wurmlingen Nord
5%
Achern Stadt
4%
Allmendingen
4%
Altglashütten-Falkau
4%
Alttann
4%
Bad Rotenfels Weinbrennerstraße
4%
Bermatingen-Ahausen
4%
Bleibach
4%
Buchholz (Baden)
4%
Burgweiler
4%
Distelhausen
4%
Dotternhausen-Dormettingen
4%
Eggenstein Schweriner Straße
4%
Eggenstein Spöcker Weg
4%
Eggenstein Süd
4%
Freiburg-Landwasser
4%
Gammertingen Europastraße
4%
Gaubüttelbrunn
4%
Gausbach
4%
Geisingen-Aulfingen
4%
Gochsheim (Baden)
4%
Gomadingen
4%
Hanfertal
4%
Heidenheim Voithwerk
4%
Helmhof
4%
Hermaringen
4%
Heselbach
4%
Hilpertsau
4%
Hochhausen (Tauber)
4%
Hoßkirch Königseggsee
4%
Huzenbach
4%
Ibach
4%
Kappelrodeck Ost
4%
Langensteinbach Schießhüttenäcker
4%
Lörrach Dammstraße
4%
Mägerkingen
4%
Mochenwangen
4%
Mühlingen-Zoznegg
4%
Nendingen (b Tuttlingen)
4%
Nenzingen
4%
Neureut Adolf-Ehrmann-Bad
4%
Neureut Bärenweg
4%
Neureut Welschneureuter Straße
4%
Niederbiegen
4%
Niederwinden
4%
Oberachern Bindfadenfabrik
4%
Oberwinden
4%
Ottenhöfen West
4%
Pfäffngen
4%
Ramsbach Birkhof
4%
Ramsbach Höfle
4%
Rüppurr Ostendorfplatz
4%
Sauldorf
4%
Schalkstetten
4%
Schlatt (Hohenzollern)
4%
Schmiechen Albbahn
4%
Schopfheim-Schlattholz
4%
Sennfeld
4%
Spielberg
4%
Unadingen
4%
Untergriesheim
4%
Unterharmersbach
4%
Wahlwies
4%
Warthausen
4%
Wittighausen
4%
Wutöschingen
4%
Zusenhofen
4%
Achkarren
3%
Bahlingen-Riedeln
3%
Batzenhäusle
3%
Burkheim-Bischoffingen
3%
Burladingen West
3%
Edelfingen
3%
Eicholzheim
3%
Elpersheim
3%
Eubigheim
3%
Gamburg
3%
Gerlachsheim
3%
Grießen (Baden)
3%
Gussenstadt
3%
Haidkapelle
3%
Hausen-Raitbach
3%
Heidenheim-Mergelstetten
3%
Hermentingen
3%
Itzelberg
3%
Jechtingen
3%
Jungnau
3%
Kehlen
3%
Kollnau
3%
Königschaffhausen
3%
Löcherberg
3%
Marbach-Grafeneck
3%
Markelsheim
3%
Niklashausen
3%
Nimburg (Baden)
3%
Oberkirch Koehlersiedlung
3%
Pflaumloch
3%
Rammingen
3%
Rechtenstein
3%
Reicholzheim
3%
Rottenacker
3%
Schmiechen
3%
Storzingen
3%
Stubersheim
3%
Weil am Rhein Pfädlistraße
3%
Aufhausen (Württemberg)
1%
Bachheim
1%
Bergenweiler
1%
Birach
1%
Bödigheim
1%
Dietzelbach
1%
Dittigheim
1%
Etzenbach
1%
Fahrnau
1%
Furschenbach
1%
Gauselfingen
1%
Gerhausen
1%
Göggingen (Baden)
1%
Hainstadt (Baden)
1%
Hausen-Starzeln
1%
Herten (Baden)
1%
Hubacker
1%
Kohlstetten
1%
Laufenburg (Baden) Ost
1%
Menningen-Leitishofen
1%
Oberzell
1%
Offenhausen
1%
Radolfzell Haselbrunn
1%
Rangendingen
1%
Rippberg
1%
Sondernach
1%
Stühlingen-Eberfingen
1%
Weißenau
1%
Bichtlingen
0%
Keine übereinstimmenden Quizze gefunden
Verteilung der Resultate
Anzahl Personen mit jedem Resultat
Perzentil nach korrekt beantworteten Fragen
Ihre Resultats-Entwicklung
Sie haben dieses Quiz noch nicht gespielt